[Event "XVII Festival A"]
[Site "Nichelino ITA"]
[Date "2016.10.08"]
[Round "3"]
[White "Tripodi, Enzo"]
[Black "Cacinschi, Alexandru"]
[WhiteElo "1962"]
[BlackElo "2110"]
[Result "0-1"]
[PlyCount "96"]
[EventDate "2016.10.07"]

1. e4 c6 2. d4 d5 3. exd5 cxd5 4. Bd3 Nc6 5. Nf3 Bg4 6. c3 Nf6 7. h3 Bh5 8. Bf4
Qb6 9. Qe2 Bxf3 10. gxf3 e6 11. O-O Be7 12. a4 O-O 13. Kh1 Rfc8 14. Rg1 g6 15.
Bg5 Nh5 16. f4 Bxg5 17. fxg5 Nf4 18. Qd2 Nxd3 19. Qxd3 Qxb2 20. Nd2 Na5 21.
Rgc1 Qb6 22. Rab1 Qd8 23. f4 b6 24. Nf3 Nc4 25. h4 Nd6 26. Kg2 Qc7 27. Ne5 Nc4
28. Rb4 Nxe5 29. fxe5 Qe7 30. Qf3 Qxb4 31. cxb4 Rxc1 32. Qf6 Rac8 33. Qe7 R1c7
34. Qd6 Rc4 35. Qd7 Rf8 36. Qxa7 Rxb4 37. Kg3 Rxd4 38. Qxb6 Rxa4 39. Qc6 Rc4
40. Qd6 Ra8 41. Qe7 Rb8 42. Qa3 d4 43. Qd6 Rbc8 44. Qd7 d3 45. Kf3 R4c5 46. Ke4
d2 47. Qxd2 Rc4+ 48. Kd3 Rd8+ 0-1

[Event "XVII Festival A"]
[Site "Nichelino ITA"]
[Date "2016.10.08"]
[Round "3"]
[White "Yao, Stefano"]
[Black "Buffa Sabarino, Pietro"]
[WhiteElo "2141"]
[BlackElo "1952"]
[Result "1-0"]
[PlyCount "85"]
[EventDate "2016.10.07"]

1. d4 Nf6 2. Nf3 g6 3. c4 Bg7 4. Nc3 O-O 5. g3 d6 6. Bg2 Nc6 7. O-O e5 8. dxe5
dxe5 9. Bg5 h6 10. Qxd8 Rxd8 11. Bxf6 Bxf6 12. Nd5 Bg7 13. Nxc7 Rb8 14. e4 Bg4
15. Nd5 Bxf3 16. Bxf3 Bf8 17. Rfd1 Kg7 18. Rac1 Nd4 19. Kg2 a5 20. Rd3 Rdc8 21.
Nb6 Rc7 22. a3 Bd6 23. Rdc3 Rc6 24. c5 Rd8 25. b4 axb4 26. axb4 Bc7 27. Nd5 Ra8
28. Bd1 f5 29. Bf3 fxe4 30. Bxe4 Ne2 31. Ne3 Ra4 32. Bxc6 bxc6 33. Rd3 Nxc1 34.
Rd7+ Kf8 35. Rxc7 Rxb4 36. Rxc6 Rb5 37. Rxg6 Rxc5 38. Rxh6 Kf7 39. h4 Nd3 40.
Rd6 e4 41. Rd4 Re5 42. Nc4 e3 43. Nxe5+ 1-0

[Event "XVII Festival A"]
[Site "Nichelino ITA"]
[Date "2016.10.09"]
[Round "4"]
[White "Babilonia, Mauricio Rafael"]
[Black "Lizzul Coppe, Mirko"]
[WhiteElo "2026"]
[BlackElo "1895"]
[Result "1/2-1/2"]
[PlyCount "82"]
[EventDate "2016.10.07"]

1. d4 Nf6 2. c4 e6 3. Nc3 d5 4. Nf3 Nbd7 5. Bg5 c6 6. e3 Be7 7. Bd3 O-O 8. O-O
Re8 9. b3 b6 10. Qc2 Bb7 11. h3 Nf8 12. Ne5 dxc4 13. bxc4 c5 14. Rfd1 cxd4 15.
exd4 Qc8 16. Rac1 N6d7 17. Bxe7 Rxe7 18. Nb5 Nxe5 19. dxe5 Qc6 20. f3 Qc5+ 21.
Qf2 Qxe5 22. Nd6 f5 23. c5 bxc5 24. Qxc5 Qxc5+ 25. Rxc5 Rd8 26. Bb5 g6 27. Kh2
Bd5 28. Nc4 Rb8 29. a4 Bxc4 30. Rxc4 Kf7 31. f4 h6 32. Rc5 Kf6 33. Rd6 Rbb7 34.
Rc8 Nd7 35. Bc6 Rb6 36. Rxd7 Rxc6 37. Rxe7 Rxc8 38. Rxa7 Rc4 39. g3 Rc2+ 40.
Kg1 Rc3 41. Kf2 Rc2+ 1/2-1/2

[Event "XVII Festival A"]
[Site "Nichelino ITA"]
[Date "2016.10.09"]
[Round "4"]
[White "Barcellona, Antonino"]
[Black "Tripodi, Enzo"]
[WhiteElo "1683"]
[BlackElo "1962"]
[Result "0-1"]
[PlyCount "126"]
[EventDate "2016.10.07"]

1. d4 Nf6 2. c4 e6 3. Nc3 Bb4 4. Qc2 b6 5. e4 Bb7 6. Bd3 d5 7. cxd5 exd5 8. e5
Ne4 9. Nf3 c5 10. O-O Bxc3 11. bxc3 Nd7 12. Nd2 cxd4 13. cxd4 Rc8 14. Qb1 Nc3
15. Qb3 O-O 16. Bb2 Nxe5 17. dxe5 d4 18. Rae1 Bd5 19. Bc4 Rxc4 20. Nxc4 b5 21.
Bxc3 Bxc4 22. Qd1 Bxf1 23. Bxd4 Bc4 24. Qg4 Be6 25. Qf4 Qa5 26. Re3 Qd2 27. h4
Rd8 28. Bc3 Qxa2 29. h5 Qb1+ 30. Kh2 Qf5 31. Qh4 Rc8 32. Rf3 Qg4 33. Qxg4 Bxg4
34. Rg3 Be6 35. Bd2 Rc4 36. Bh6 Rg4 37. Be3 Rh4+ 38. Kg1 Rxh5 39. Bxa7 Rxe5 40.
Bd4 Re1+ 41. Kh2 g6 42. Rc3 Kf8 43. Bf6 Ke8 44. Rc7 Bc4 45. Rc8+ Kd7 46. Rd8+
Kc6 47. Rh8 h5 48. Rb8 Re2 49. Kg3 Kc5 50. Rc8+ Kb4 51. Kf3 Re6 52. Bg7 Rb6 53.
Bd4 Rb7 54. Ke3 Kb3 55. Bf6 Rd7 56. Rb8 Rd3+ 57. Ke4 Kc2 58. Kf4 Rb3 59. Be7
Bf1 60. g4 hxg4 61. Kxg4 Be2+ 62. Kg5 Rf3 63. Bc5 Rf5+ 0-1

[Event "XVII Festival A"]
[Site "Nichelino ITA"]
[Date "2016.10.09"]
[Round "4"]
[White "Brodsky, Igor"]
[Black "Kukov, Velislav"]
[WhiteElo "2295"]
[BlackElo "2358"]
[Result "0-1"]
[PlyCount "54"]
[EventDate "2016.10.07"]

1. c4 Nc6 2. g3 e5 3. Bg2 Bc5 4. Nc3 a6 5. Nf3 d6 6. d3 Ba7 7. a3 Nge7 8. b4
O-O 9. O-O h6 10. Bb2 Be6 11. Nd2 Qd7 12. Nd5 Rae8 13. Re1 Nd8 14. Qc2 Bg4 15.
Nf3 Ng6 16. Qb3 c6 17. Nc3 Ne6 18. Ne4 f5 19. Ned2 f4 20. Ne4 Bxf3 21. Bxf3
fxg3 22. hxg3 Nef4 23. g4 Qe7 24. Nxd6 Qh4 25. c5+ Re6 26. Nf5 Qh3 27. Ne3
Nxe2+ 0-1

[Event "XVII Festival A"]
[Site "Nichelino ITA"]
[Date "2016.10.09"]
[Round "4"]
[White "Buffa Sabarino, Pietro"]
[Black "Martin, Tiziano"]
[WhiteElo "1952"]
[BlackElo "1912"]
[Result "1/2-1/2"]
[PlyCount "107"]
[EventDate "2016.10.07"]

1. e4 d5 2. exd5 Qxd5 3. Nc3 Qd8 4. d4 Nf6 5. Bc4 Bg4 6. Nge2 c6 7. Bf4 e6 8.
Qd2 Nbd7 9. Ng3 Nb6 10. Bb3 Bh5 11. Nxh5 Nxh5 12. O-O-O Bb4 13. Bg5 Bxc3 14.
bxc3 Qd6 15. c4 Qa3+ 16. Kb1 h6 17. Qc1 Qxc1+ 18. Bxc1 O-O-O 19. Rd3 Nf6 20. f3
Nfd7 21. a4 Nf6 22. Rhd1 Rd7 23. a5 Na8 24. d5 cxd5 25. cxd5 exd5 26. c4 dxc4
27. Bxc4 Rhd8 28. Rxd7 Rxd7 29. Rxd7 Kxd7 30. Bxf7 b6 31. Be3 bxa5 32. Bxa7 Nc7
33. Bb3 Nfd5 34. Bd4 Ne6 35. Bxg7 Nxg7 36. Bxd5 Nf5 37. Be4 Ne3 38. f4 Nf1 39.
Bf5+ Kd6 40. h3 Ng3 41. Bc8 Ne2 42. f5 Nf4 43. Kb2 Nxg2 44. Ka3 Ke5 45. Ka4 Nh4
46. Kxa5 Nxf5 47. Kb4 Kf4 48. Kc3 Nd6 49. Bd7 Ne4+ 50. Kc2 Kg3 51. Kd1 Nf2+ 52.
Ke2 Nxh3 53. Kf1 Nf2 54. Bc8 1/2-1/2

[Event "XVII Festival A"]
[Site "Nichelino ITA"]
[Date "2016.10.09"]
[Round "4"]
[White "Cacinschi, Alexandru"]
[Black "Finocchiaro, Gianluca"]
[WhiteElo "2110"]
[BlackElo "2076"]
[Result "1-0"]
[PlyCount "65"]
[EventDate "2016.10.07"]

1. Nf3 Nc6 2. d4 d5 3. Bf4 Bg4 4. e3 a6 5. c4 e6 6. cxd5 Qxd5 7. Nc3 Bb4 8. Be2
Nge7 9. O-O Qd7 10. Qb3 O-O 11. Rac1 Nd5 12. Nxd5 Qxd5 13. Qxd5 exd5 14. Bxc7
Rac8 15. Bg3 Na5 16. Bd3 Bxf3 17. gxf3 b5 18. Bf5 Rxc1 19. Rxc1 Nc4 20. b3 Nd2
21. Kg2 a5 22. Bd7 a4 23. Bxb5 axb3 24. axb3 Ra8 25. Ba4 g5 26. Rc7 Rd8 27. Rb7
Bc3 28. Bc6 Kg7 29. Bc7 Ra8 30. Bxd5 Ra2 31. Be5+ Kg6 32. Bxf7+ Kh6 33. Rb6#
1-0

[Event "XVII Festival A"]
[Site "Nichelino ITA"]
[Date "2016.10.09"]
[Round "4"]
[White "D'Ingiullo, Roberto"]
[Black "Yao, Stefano"]
[WhiteElo "2060"]
[BlackElo "2141"]
[Result "1/2-1/2"]
[PlyCount "59"]
[EventDate "2016.10.07"]

1. e4 c5 2. Nc3 Nc6 3. g3 g6 4. Bg2 Bg7 5. Nge2 d6 6. O-O e6 7. d3 Nge7 8. Be3
Nd4 9. Qd2 O-O 10. Nd1 d5 11. c3 Nxe2+ 12. Qxe2 d4 13. cxd4 cxd4 14. Bd2 e5 15.
f4 Qb6 16. b3 Be6 17. Nb2 Rac8 18. Nc4 Bxc4 19. bxc4 exf4 20. gxf4 Nc6 21. Rfb1
Qc7 22. Qf3 Bh6 23. Qf2 Kh8 24. Rb5 a6 25. Rb3 f6 26. Rab1 Rb8 27. Qh4 Bg7 28.
Rb6 Rfe8 29. e5 fxe5 30. Be4 1/2-1/2

[Event "XVII Festival A"]
[Site "Nichelino ITA"]
[Date "2016.10.09"]
[Round "4"]
[White "Di Chiara, Mauro"]
[Black "Seletsky, Grigory"]
[WhiteElo "1935"]
[BlackElo "2294"]
[Result "0-1"]
[PlyCount "68"]
[EventDate "2016.10.07"]

1. Nf3 d5 2. c4 c6 3. cxd5 cxd5 4. d4 Nc6 5. Nc3 Nf6 6. Bf4 a6 7. e3 e6 8. Rc1
Bd6 9. Bxd6 Qxd6 10. Bd3 O-O 11. O-O b5 12. e4 dxe4 13. Nxe4 Nxe4 14. Bxe4 Bb7
15. Qe2 Rab8 16. Rfd1 Ne7 17. Bxb7 Rxb7 18. Qe5 Rd8 19. Ng5 Qd5 20. Kf1 h6 21.
Qxd5 Rxd5 22. Nf3 Rbd7 23. Ke2 f6 24. Rc5 R5d6 25. Rdc1 Nf5 26. Rc6 Nxd4+ 27.
Nxd4 Rxd4 28. Rxa6 Rd2+ 29. Ke1 Rxb2 30. Rxe6 Rdd2 31. Rb1 Rxa2 32. Rxb5 Rxf2
33. h4 Rxg2 34. Kf1 Rh2 0-1

[Event "XVII Festival A"]
[Site "Nichelino ITA"]
[Date "2016.10.09"]
[Round "4"]
[White "Petkov, Vladimir"]
[Black "Manfredi, Vincenzo"]
[WhiteElo "2517"]
[BlackElo "2218"]
[Result "1-0"]
[PlyCount "115"]
[EventDate "2016.10.07"]

1. d4 d5 2. Bf4 Nf6 3. e3 c5 4. Nc3 Qa5 5. dxc5 e6 6. a3 Qxc5 7. Nb5 Na6 8. b4
Qb6 9. Nf3 Bd7 10. Qd4 Ne4 11. c4 Nxb4 12. axb4 Bxb4+ 13. Ke2 O-O 14. Bc7 Nc3+
15. Qxc3 Bxc3 16. Bxb6 Bxa1 17. Nxa7 dxc4 18. Nd4 e5 19. Nc2 Bb2 20. Kf3 e4+
21. Kf4 g5+ 22. Kxg5 Rfe8 23. Bxc4 Re5+ 24. Kf4 Rf5+ 25. Kxe4 Rf6 26. Bd4 Bxd4
27. Nxd4 Rxa7 28. f4 Ra4 29. Rc1 Rb6 30. Bd5 Bc6 31. Bxc6 Rxc6 32. Rb1 b6 33.
g4 Rh6 34. g5 Rxh2 35. Rxb6 h6 36. gxh6 Kh7 37. Rf6 Rxh6 38. Rxf7+ Kg8 39. Rc7
Ra3 40. Nf5 Re6+ 41. Kf3 Kf8 42. Rc2 Kf7 43. Re2 Kf6 44. Ng3 Re8 45. Ne4+ Kg7
46. Rg2+ Kf8 47. Rg6 Re7 48. Rc6 Kf7 49. Rb6 Kf8 50. f5 Kf7 51. Rb4 Ra5 52. Kf4
Rae5 53. Ng5+ Kf8 54. e4 Ra5 55. Rb8+ Re8 56. Ne6+ Kf7 57. Rb7+ Re7 58. Nd8+
1-0

[Event "XVII Festival A"]
[Site "Nichelino ITA"]
[Date "2016.10.09"]
[Round "4"]
[White "Rotundo, Raffaele"]
[Black "Llupa, Oltjon"]
[WhiteElo "1949"]
[BlackElo "2038"]
[Result "0-1"]
[PlyCount "80"]
[EventDate "2016.10.07"]

1. e4 d5 2. exd5 Qxd5 3. Nc3 Qe5+ 4. Be2 c6 5. Nf3 Qc7 6. O-O Bf5 7. d4 e6 8.
Re1 Nf6 9. h3 Nbd7 10. Bd3 Bxd3 11. Qxd3 Bd6 12. Be3 O-O 13. Rad1 Rfd8 14. Ne4
Bf4 15. g3 Bxe3 16. Qxe3 Nxe4 17. Qxe4 Nf6 18. Qh4 c5 19. dxc5 Qxc5 20. c3 h6
21. Qf4 Rd5 22. Rxd5 Qxd5 23. a3 Rd8 24. Qd4 Qxd4 25. Nxd4 Kf8 26. Kf1 Nd5 27.
a4 Nb6 28. b3 Nd5 29. c4 Nb4 30. Rd1 Nc6 31. Nxc6 Rxd1+ 32. Ke2 Rb1 33. Nxa7
Rxb3 34. Nb5 Rb4 35. Nd6 Rxa4 36. c5 Rb4 37. Kd3 Ke7 38. Kc3 Rb1 39. Kc4 f6 40.
f4 Kd7 0-1

[Event "XVII Festival A"]
[Site "Nichelino ITA"]
[Date "2016.10.09"]
[Round "5"]
[White "Cacinschi, Alexandru"]
[Black "Petkov, Vladimir"]
[WhiteElo "2110"]
[BlackElo "2517"]
[Result "0-1"]
[PlyCount "60"]
[EventDate "2016.10.07"]

1. c4 e5 2. Nc3 Bb4 3. g3 Bxc3 4. bxc3 Ne7 5. Bg2 Nbc6 6. d3 d6 7. Nf3 O-O 8.
O-O h6 9. a4 a5 10. Ne1 Be6 11. Nc2 Qd7 12. Re1 Bh3 13. Bh1 f5 14. f4 exf4 15.
gxf4 Ng6 16. e3 Nh4 17. Qe2 Rf6 18. Kf2 Bg4 19. Qd2 Re8 20. Rg1 Kh7 21. Rg3 g5
22. fxg5 hxg5 23. h3 f4 24. exf4 Rxf4+ 25. Qxf4 gxf4 26. Rxg4 Ng6 27. Be4 Rxe4
28. dxe4 Nce5 29. Rg1 Qxh3 30. Bd2 Qf3+ 0-1

[Event "XVII Festival A"]
[Site "Nichelino ITA"]
[Date "2016.10.09"]
[Round "5"]
[White "Doromeychuk, Anton"]
[Black "Barcellona, Antonino"]
[WhiteElo "1844"]
[BlackElo "1683"]
[Result "1-0"]
[PlyCount "45"]
[EventDate "2016.10.07"]

1. c4 c5 2. Nc3 Nc6 3. g3 g6 4. Bg2 Bg7 5. e4 e5 6. Nge2 d6 7. O-O Nf6 8. d3
O-O 9. Bg5 Qb6 10. Qd2 Be6 11. f4 exf4 12. Nxf4 Ng4 13. h3 Bd4+ 14. Kh1 Ne3 15.
Rfe1 Nxg2 16. Kxg2 Bd7 17. Nfd5 Qa5 18. Nf6+ Bxf6 19. Bxf6 Nd8 20. Qh6 Ne6 21.
Nd5 Rfe8 22. Bc3 Qd8 23. Nf6+ 1-0

[Event "XVII Festival A"]
[Site "Nichelino ITA"]
[Date "2016.10.09"]
[Round "5"]
[White "Lizzul Coppe, Mirko"]
[Black "Buffa Sabarino, Pietro"]
[WhiteElo "1895"]
[BlackElo "1952"]
[Result "1/2-1/2"]
[PlyCount "24"]
[EventDate "2016.10.07"]

1. e4 d6 2. d4 Nf6 3. Nc3 g6 4. g3 Bg7 5. Bg2 O-O 6. Nge2 Na6 7. O-O c5 8. h3
Rb8 9. a4 Bd7 10. Be3 Qc8 11. Kh2 Nb4 12. Qd2 b6 1/2-1/2

[Event "XVII Festival A"]
[Site "Nichelino ITA"]
[Date "2016.10.09"]
[Round "5"]
[White "Llupa, Oltjon"]
[Black "Brodsky, Igor"]
[WhiteElo "2038"]
[BlackElo "2295"]
[Result "1-0"]
[PlyCount "93"]
[EventDate "2016.10.07"]

1. d4 c5 2. d5 Nf6 3. c4 b5 4. cxb5 a6 5. bxa6 g6 6. Nc3 Bxa6 7. e4 Bxf1 8.
Kxf1 d6 9. Nf3 Nbd7 10. g3 Bg7 11. Kg2 O-O 12. a4 Ne8 13. Qe2 h6 14. h4 Nc7 15.
Bf4 Nf6 16. Rhd1 Qd7 17. Nd2 Rfb8 18. Nc4 Nh5 19. Bc1 Rb3 20. Qc2 Rb4 21. b3
Ra6 22. Rb1 Kh7 23. Bd2 Qc8 24. Na3 Qg4 25. Re1 Be5 26. Qd1 Qd7 27. Ncb5 Nxb5
28. Nxb5 Rxb5 29. axb5 Qxb5 30. b4 c4 31. Qc2 Ra3 32. Re3 c3 33. Bxc3 Qc4 34.
Rc1 Bxc3 35. Rxc3 Qxb4 36. Rxa3 Qxa3 37. Qc3 Qa4 38. Qc4 Qa3 39. Re1 Qa5 40.
Re2 Nf6 41. Qd4 Nd7 42. h5 g5 43. f4 g4 44. e5 Qa3 45. Qe4+ Kg7 46. Rf2 Qc3 47.
Qf5 1-0

[Event "XVII Festival A"]
[Site "Nichelino ITA"]
[Date "2016.10.09"]
[Round "5"]
[White "Manfredi, Vincenzo"]
[Black "D'Ingiullo, Roberto"]
[WhiteElo "2218"]
[BlackElo "2060"]
[Result "1-0"]
[PlyCount "137"]
[EventDate "2016.10.07"]

1. d4 Nf6 2. Nf3 e6 3. Bg5 Be7 4. e3 d6 5. c4 Nbd7 6. Nc3 e5 7. Bd3 c6 8. Qc2
h6 9. Bh4 O-O 10. O-O Re8 11. Bg3 Nh5 12. b4 Nxg3 13. hxg3 Bf6 14. Rab1 Nf8 15.
Bf5 Be6 16. Bxe6 Nxe6 17. d5 Nc7 18. e4 cxd5 19. cxd5 Na6 20. a3 Bg5 21. Qd3
Nb8 22. Nxg5 hxg5 23. Rfc1 a6 24. g4 Nd7 25. g3 Nf6 26. f3 Rc8 27. Kg2 Kf8 28.
Nd1 Qd7 29. Qd2 Nh7 30. Ne3 b5 31. Rc6 Rxc6 32. dxc6 Qxc6 33. Rc1 Qd7 34. Nd5
Nf6 35. Rc7 Qe6 36. Ne3 Rc8 37. Rxc8+ Qxc8 38. Qxd6+ Kg8 39. Qxe5 Qc1 40. Qd4
Qxa3 41. e5 Qa2+ 42. Kg1 Qb1+ 43. Nf1 Nh7 44. f4 gxf4 45. gxf4 Qc1 46. Kf2 Nf8
47. f5 Qg5 48. Ne3 Qh4+ 49. Ke2 Qh2+ 50. Kd3 Qa2 51. Qd6 Qb3+ 52. Ke2 Qa2+ 53.
Kf3 Qb3 54. g5 Qb1 55. g6 Qh1+ 56. Ke2 Qh2+ 57. Kd3 fxg6 58. Qd5+ Kh7 59. Qf7
Qxe5 60. Qxf8 g5 61. Qf7 Qd6+ 62. Nd5 Qg3+ 63. Kd4 Qg4+ 64. Kc5 Qc4+ 65. Kb6
Kh8 66. f6 gxf6 67. Qxf6+ Kh7 68. Qxg5 Qa2 69. Nf6+ 1-0

[Event "XVII Festival A"]
[Site "Nichelino ITA"]
[Date "2016.10.09"]
[Round "5"]
[White "Martin, Tiziano"]
[Black "Di Chiara, Mauro"]
[WhiteElo "1912"]
[BlackElo "1935"]
[Result "1/2-1/2"]
[PlyCount "76"]
[EventDate "2016.10.07"]

1. d4 Nf6 2. Nf3 g6 3. Bg5 Bg7 4. Nbd2 d6 5. e3 O-O 6. Bd3 Nc6 7. c3 e5 8. Qc2
exd4 9. Nxd4 Ne5 10. Be2 h6 11. Bh4 Qe7 12. Ne4 d5 13. Bxf6 Bxf6 14. Nxf6+ Qxf6
15. Nf3 Bf5 16. Qd1 Rad8 17. Nxe5 Qxe5 18. O-O c5 19. Re1 Rd6 20. Qa4 a6 21.
Qh4 Kg7 22. Qg3 f6 23. Rad1 Rfd8 24. Bf3 Qxg3 25. hxg3 Be4 26. Rd2 Bxf3 27.
gxf3 Kf7 28. Red1 Ke6 29. Kf1 h5 30. f4 b6 31. Ke2 a5 32. a4 Kf5 33. f3 Ke6 34.
Kf2 f5 35. Ke2 R8d7 36. Kf2 Ke7 37. Ke2 Rd8 38. Kf2 Ke6 1/2-1/2

[Event "XVII Festival A"]
[Site "Nichelino ITA"]
[Date "2016.10.09"]
[Round "5"]
[White "Tripodi, Enzo"]
[Black "Babilonia, Mauricio Rafael"]
[WhiteElo "1962"]
[BlackElo "2026"]
[Result "1/2-1/2"]
[PlyCount "60"]
[EventDate "2016.10.07"]

1. e4 d5 2. exd5 Qxd5 3. Nc3 Qd6 4. d4 c6 5. g3 Nf6 6. Nf3 Bg4 7. Bg2 e6 8. O-O
Nbd7 9. Bf4 Qb4 10. Rb1 Qb6 11. Qd3 Bf5 12. Qd2 Be7 13. Rfe1 O-O 14. Nh4 Bg6
15. Nxg6 hxg6 16. Bg5 Rfd8 17. Bh3 Nf8 18. Be3 Qa5 19. Qe2 Qh5 20. Qxh5 gxh5
21. Rbd1 Bb4 22. Bg5 N8h7 23. Bxf6 Nxf6 24. Re3 c5 25. dxc5 Bxc3 26. Rxd8+ Rxd8
27. Rxc3 Rd1+ 28. Bf1 Ne4 29. Rd3 Rxd3 30. Bxd3 Nxc5 1/2-1/2

[Event "XVII Festival A"]
[Site "Nichelino ITA"]
[Date "2016.10.09"]
[Round "5"]
[White "Yao, Stefano"]
[Black "Finocchiaro, Gianluca"]
[WhiteElo "2141"]
[BlackElo "2076"]
[Result "1-0"]
[PlyCount "59"]
[EventDate "2016.10.07"]

1. d4 d6 2. Nf3 f5 3. c4 g6 4. g3 Bg7 5. Bg2 Nf6 6. O-O O-O 7. Nc3 Nc6 8. d5
Na5 9. b3 Ne4 10. Nxe4 Bxa1 11. Neg5 Bg7 12. e4 h6 13. Ne6 Bxe6 14. dxe6 Nc6
15. Nh4 Qe8 16. exf5 g5 17. Bxc6 bxc6 18. Qg4 Rf6 19. Ng2 Kh7 20. Bb2 Rf8 21.
Bxg7 Kxg7 22. f4 Kh7 23. fxg5 h5 24. Qh4 d5 25. g4 dxc4 26. gxh5 Qd8 27. h6 Qd3
28. g6+ Kg8 29. Qxe7 Qd4+ 30. Kh1 1-0